000 00582nam a2200193Ia 4500
005 20260114185738.0
008 008 260114s9999 xx 000 0 eng d
020 _a9781350117440
037 _aEBOOK
040 _aCRL
_beng
_cCRL
041 _aeng
_2eng
084 _qCRL
100 _aMaurizio Sabini
_9873879
245 0 _aErnesto Nathan Rogers The Modern Architect as Public Intellectual
260 _bBloomsbury
_c2021
856 _uhttps://doi.org/10.5040/9781350117440?locatt=label:secondary_bloomsburyCollections
942 _cEBOOK
999 _c1472819
_d1472819